ZIPAR annual report 2013 (Record no. 83442)

MARC details
000 -LEADER
fixed length control field 00837nam a2200169 a 4500
008 - FIXED-LENGTH DATA ELEMENTS--GENERAL INFORMATION
fixed length control field 150916s2013 ||||||||||||||||| || u
050 ## - LIBRARY OF CONGRESS CALL NUMBER
Classification number ZIPAR(058)AR/2013A
110 ## - MAIN ENTRY--CORPORATE NAME
Corporate name or jurisdiction name as entry element Zambia Institute for Policy Analysis & Research (ZIPAR)
245 10 - TITLE STATEMENT
Title ZIPAR annual report 2013
Statement of responsibility, etc. By Zambia institute for Policy Analysis and Research (ZIPAR)
260 ## - PUBLICATION, DISTRIBUTION, ETC.
Place of publication, distribution, etc. Lusaka:
Name of publisher, distributor, etc. Zambia Institute for Policy Analysis and Research (ZIPAR)
Date of publication, distribution, etc. 2013
300 ## - PHYSICAL DESCRIPTION
Extent 28p.: ill.
650 ## - SUBJECT ADDED ENTRY--TOPICAL TERM
Topical term or geographic name entry element ECONOMIC ACTIVITIES-ZAMBIA
650 ## - SUBJECT ADDED ENTRY--TOPICAL TERM
Topical term or geographic name entry element ANNUAL REPORT
650 ## - SUBJECT ADDED ENTRY--TOPICAL TERM
Topical term or geographic name entry element ECONOMIC POLICIES--ZAMBIA
995 ## -
-- SPECIAL COLLECTIONS
-- 2019
-- CBU-MAIN LIBRARY (Kitwe)
-- ZIPAR(058)AR/2013A
-- 1
-- AVAILABLE
-- Sep 16, 2015
-- B2019
-- Zambiana Collection
995 ## -
-- SPECIAL COLLECTIONS
-- 2020
-- CBU-MAIN LIBRARY (Kitwe)
-- ZIPAR(058)AR/2013B
-- 2
-- AVAILABLE
-- Sep 16, 2015
-- B2020
-- Zambiana Collection
999 ## -
-- 83442
-- 83442
Holdings
Withdrawn status Lost status Source of classification or shelving scheme Damaged status Not for loan Permanent Location Current Location Shelving location Date acquired Total Checkouts Full call number Barcode Date last seen Copy number Price effective from Koha item type
          CBU-MAIN LIBRARY, KITWE. CBU-MAIN LIBRARY, KITWE.   10/30/2023   ZIPAR(058)AR/2013A B2019 10/30/2023 1 10/30/2023 SPECIAL COLLECTION
          CBU-MAIN LIBRARY, KITWE. CBU-MAIN LIBRARY, KITWE.   10/30/2023   ZIPAR(058)AR/2013B B2020 10/30/2023 2 10/30/2023 SPECIAL COLLECTION